000 01090nam a2200289 a 4500
001 BRCA_3426
005 20190320204257.0
041 _aeng
044 _aenk
084 _a715
_b.C65
_c1941
100 1 _aCervantes Saavedra, Miguel de
_d1547-1616
_9213
245 1 0 _aThe Story of Don Quixote
_cRetold by Stuart Campbell.
260 _aLondres : Glasgow
_bCollins and Sons
_c1941
300 _a96 p.
_bil.
_c16 cm.
_e1 lámina a color
440 0 _aThe Little one´s First Library
_98981
500 _aContenido : Texto compendiado para niños
500 _aTexto muy abreviado para niños por S. Campbell. Cubierta adornada con un motivo quijotesco Lúdovik Osterc
546 _aTexto en : inglés
650 1 4 _aNovela española
_yÉpoca clásica, 1500-1700
_9215
650 1 4 _aLiteratura española
_yÉpoca clásica, 1500-1700
_9216
650 1 4 _aNovela española
_ySiglo XVII
_9217
650 1 4 _aDon Quijote (Personaje ficticio)
_eNovela
_9218
700 1 _aCampbell, Stuart
_eEditor
_98982
740 0 _aEl Ingenioso Hidalgo Don Quijote de la Mancha
902 _aQFM
942 _2lcc
_cB
999 _c3162
_d3162